The urban wisdom of Jane Jacobs /

Bibliographic Details
Other Authors: Jacobs, Jane, 1916-2006, Hirt, Sonia, Zahm, Diane L.
Format: Book
Language:English
Published: London ; New York : Routledge, 2012.
Series:Planning, history, and the environment series.
Subjects:

MARC

Tag First Indicator Second Indicator Subfields
LEADER 00000cam a2200000 a 4500
001 in00002781671
005 20150922121502.0
008 120402s2012 enkab b 011 0 eng
010 |a  2012011728 
020 |a 9780415525992 (hb : alk. paper) 
020 |a 0415525993 (hb : alk. paper) 
020 |a 9780203095171 (eb) 
020 |a 0203095170 (eb) 
035 |a (OCoLC)ocn759915392 
040 |a DLC  |c DLC  |d UtOrBLW 
049 |a TXAM 
050 0 0 |a HT166  |b .U7457 2012 
082 0 0 |a 307.1/216  |2 23 
245 0 4 |a The urban wisdom of Jane Jacobs /  |c edited by Sonia Hirt ; with Diane Zahm. 
264 1 |a London ;  |a New York :  |b Routledge,  |c 2012. 
300 |a xvi, 272 pages :  |b illustrations, maps ;  |c 25 cm. 
336 |a text  |b txt  |2 rdacontent 
337 |a unmediated  |b n  |2 rdamedia 
338 |a volume  |b nc  |2 rdacarrier 
490 1 |a Planning, history and environment series 
504 |a Includes bibliographical references and index. 
650 0 |a City planning. 
650 0 |a Urban renewal. 
650 0 |a Urban policy. 
700 1 |a Jacobs, Jane,  |d 1916-2006. 
700 1 |a Hirt, Sonia. 
700 1 |a Zahm, Diane L. 
830 0 |a Planning, history, and the environment series. 
945 |a PromptCat  |b 38641 
946 |a stk 
947 |a A14835994435 
948 |a cataloged  |b h  |c 2012/10/8  |d c  |e dmitchel  |f 2:20:20 pm 
994 |a 92  |b TXA 
999 |a MARS 
999 f f |s 87018cc4-4a8d-3c1a-b176-2d11d8c081c0  |i cb031743-7280-3692-bd08-6fd2f56bc55a  |t 0 
952 f f |p normal  |a Texas A&M University  |b College Station  |c Sterling C. Evans Library  |d Evans: Library Stacks  |t 0  |e HT166 .U7457 2012  |h Library of Congress classification  |i unmediated -- volume  |m A14835994435 
998 f f |a HT166 .U7457 2012  |t 0  |l Evans: Library Stacks